000 00663nam a2200241 a 4500
008
020 _a0412485206 (pbk. )
049 _aMAIN
090 0 1 _aTA710.C685
_bCRA
100 1 _aCraig, R.F.
245 1 0 _aSoil mechanics /
_cR.F. Craig.
250 _a5th ed.
260 _aLondon :
_bChapman & Hall,
_c1992.
300 _avii, 427 p. :
_bill. ;
_c24 cm.
504 _aIncludes bibliographical references.
500 _aIncludes index.
650 0 _aSoil mechanics.
907 _a.b10145709
_b18-09-12
_c05-01-05
003
005 20230123133920.0
040 _cNUST
942 _cBOOKS
_kTA710.C685
_mCRA
999 _c156810
_d156810